Caja de sorpresas
Salvato in:
| Autore principale: | |
|---|---|
| Natura: | Libro |
| Lingua: | spagnolo |
| Pubblicazione: |
Ciudad de México
Trillas
1987
|
| Serie: | Libros para decir y hacer
|
| Soggetti: | |
| Tags: |
Aggiungi Tag
Nessun Tag, puoi essere il primo ad aggiungerne!!
|
MARC
| LEADER | 00000nam a2200000 a 4500 | ||
|---|---|---|---|
| 001 | UCN1881 | ||
| 003 | CL-VaPUC | ||
| 008 | 010504e19870000MX |||||||||||||||||spa|d | ||
| 082 | 0 | 4 | |a 372.21 |b JAC |2 21 |
| 100 | |a Jacob, Esther |e author |9 457408 | ||
| 245 | 1 | 0 | |a Caja de sorpresas |
| 300 | |a 48 p | ||
| 942 | |c BK | ||
| 945 | |d 20010504 00:00:00 |a cmena | ||
| 260 | |a Ciudad de México |b Trillas |c 1987 | ||
| 650 | 0 | |a Educación preescolar |9 260381 | |
| 650 | 0 | |a Métodos de enseñanza |9 270413 | |
| 650 | 0 | |a Métodos de aprendizaje |9 334464 | |
| 650 | 0 | |a Literatura infantil |9 307465 | |
| 583 | |a last modification |c 20010504 00:00:00 |k Rodrigo Vera | ||
| 490 | 0 | |a Libros para decir y hacer | |
| 999 | |c 295106 |d 295104 | ||
| 952 | |0 0 |1 0 |4 0 |6 372_210000000000000_JAC_1987 |7 0 |8 A |9 348037 |a BIBEDU |b BIBEDU |c ES_NOD |d 2019-11-20 |i 3718476 |l 1 |o 372.21 JAC 1987 |p 3718476 |r 2023-11-03 |s 2023-11-03 |w 2019-11-20 |y BK |k EPE | ||